banner-ar

THE KYOGEN BOOK: AN ANTHOLOGY OF JAPANESE CLASSICAL COMEDIES / (Record no. 19308)

MARC details
000 -الفاتح
حقل البيانات ثابتة الطول 00462nam a2200169Ia 4500
008 - عناصر البيانات ثابتة الطول - معلومات عامة
حقل البيانات ثابتة الطول 140319s9999 xx 000 0 eng d
040 ## - مصدر الفهرسة
وكالة الفهرسة الأصلية GCL /
وكالة النسخ GCL
082 04 - رقم تصنيف ديوى العشرى
رقم التصنيف 792.23
رقم المادة K K
100 1# - المدخل الرئيسى - إسم شخصى
الإسم الشخصى KEMMY, DON
245 10 - بيان العنوان
العنوان THE KYOGEN BOOK: AN ANTHOLOGY OF JAPANESE CLASSICAL COMEDIES /
بيان المسئوليه,etc KEMMY, DON
260 ## - PUBLICATION, DISTRIBUTION, ETC. (IMPRINT)
تاريخ النشر أو التوزيع 1989
650 04 - المدخل الاضافى بالموضوع-مصطلح موضوعى
مصطلح موضوعي OPERA - JAPAN
650 04 - المدخل الاضافى بالموضوع-مصطلح موضوعى
مصطلح موضوعي ART, JAPAN
650 04 - المدخل الاضافى بالموضوع-مصطلح موضوعى
مصطلح موضوعي JAPAN - MUSIC
942 ## - عناصر المدخل الإضافي( كوها)
مصدر التصنيف او مخطط الترفيف Dewey Decimal Classification
Koha [default] item type كتاب
260 ## - PUBLICATION, DISTRIBUTION, ETC. (IMPRINT)
-- [S.N] :
-- THE JAPAN TIMES ،
Holdings
حالة التراجع حالة الفقد حالة تلف ليس للاعارة المكان المؤقت الموقع الحالى تاريخ الاكتساب اجمالي اﻻعارات رقم الطلب الباركود تاريخ اخر مشاهدة تاريخ تفعيل السعر نوع وعاء كوها
        مكتبة القاهرة الكبرى مكتبة القاهرة الكبرى 03/26/2014   792.23\K K 36882 03/26/2014 03/26/2014 كتاب

Powered By

EGPV